| 000 | 00838nam a2200217 4500 | ||
|---|---|---|---|
| 001 | 136099 | ||
| 003 | ES-MaACL | ||
| 005 | 20250806062542.0 | ||
| 007 | t| | ||
| 008 | 070214s1976 sp r ||||1| spa d | ||
| 100 | 1 |
_aRuiz Palomeque, Eulalia. _9100894 |
|
| 245 | 1 | 0 |
_aOrdenación y transformaciones urbanas del casco antiguo madrileño durante los siglos XIX y XX / _cEulalia Ruiz Palomeque ; prólogo de Manuel Terán. |
| 260 |
_aMadrid : _bInstituto de Estudios Madrileños, _c1976. |
||
| 300 |
_a681 p. ; _c24 cm + _e153 plan., 10 plan. pleg. |
||
| 490 | 1 |
_aBiblioteca de estudios madrileños ; _v19 |
|
| 700 | 1 |
_aTerán, Manuel de. _9109726 |
|
| 710 | 2 |
_aInstituto de Estudios Madrileños _94916 |
|
| 830 | 0 |
_aBiblioteca de estudios madrileños ; _v19 _9185680 |
|
| 852 |
_aES-MaACL _jA-6269 _bR.95223 |
||
| 999 |
_c136099 _d136099 |
||